European Journal of Risk Regulation EJRR

Bibliographic Details
Format: Journal
Language:English
Published: Berlin : Lexxion Verlagsgesellschaft mbH, 2010-
Subjects:
Online Access:http://www.vlex.com/source/7193

MARC

LEADER 00000nas a22000007a 4500
005 20130319172346.0
007 cr|||| ||||
008 130319c20109999gw br|p s|||| 0|||a1eng d
022 |a 1867299X  
035 |a 7193 
040 |a vLex 
090 |c 3961  |d 3961 
245 0 0 |a European Journal of Risk Regulation  |b EJRR  |h [Recurso electrn̤ico]  
256 |a Servicio en ln̕ea 
260 |a Berlin :  |b Lexxion Verlagsgesellschaft mbH,   |c 2010- 
300 |a 1 Recurso electrn̤ico 
506 |d vLex Global  |d vLex Global (Academic Edition, excluding Law Schools)  |d vLex Global (U.S. Academic Edition, Law Schools)  |d vLex Global (U.S. Academic Edition, excluding Law Schools)  |d vLex Global (Academic Edition, Law Schools) 
650 0 4 |a Medicina  |v Revistas  |z Europa 
650 0 4 |a Salud pb︢lica  |v Revistas  |z Europa 
650 0 4 |a Alimentacin̤  |v Revistas  |z Europa 
740 |a vLex Revistas (Servicio en ln̕ea) 
856 |a Acceso restringido  |u http://www.vlex.com/source/7193 
942 |c REV 
999 0 4 |a Public health laws